000 00383 a2200169 4500
001 59855
020 _a9788537710173
040 _cAnchieta - Pituba
100 _aHugo, Victor
240 1 0 _aO corcunda de Notre-Dame
_lpor
245 1 0 _aO corcunda de Notre-Dame
300 _a104
362 0 _a2009
440 1 _aEscala Educacional
650 4 _aLiteratura juvenil
942 _cBK
999 _c59855
_d59855